濁音がつく駅サドンデス - Statistics

General Stats
  • This quiz has been taken 517 times
  • The average score is 5 of 20
Answers on the Grid
Answers color-coded by a green-red scale on the quiz's grid according to % correct below.
植田(福島県)
植田(豊橋鉄道)
植田(名古屋市交)
牛田(東京都)
牛田(愛知県)
牛田(広島県)
浦田(岡山県)
浦田(福岡県)
太田(群馬県)
太田(香川県)
北山田(神奈川県)
北山田(大分県)
島田(静岡県)
島田(山口県)
高田(神奈川県)
高田(新潟県)
高田(奈良県)
高田(香川県)
高田(福岡県)
高田(長崎県)
竹田(京都府)
竹田(兵庫県)
富田(栃木県)
富田(三重県)
富田(大阪府)
中田(青森県)
中田(神奈川県)
中田(徳島県)
仁井田(栃木県)
仁井田(高知県)
額田(茨城県)
額田(大阪府)
平田(岩手県)
平田(長野県)
平田(滋賀県)
平田(高知県)
矢田(愛知県)
矢田(大阪府)
吉田(新潟府)
吉田(大阪府)
 
Answer Stats
Answer % Correct
牛田(東京都)
50%
島田(静岡県)
43%
植田(福島県)
36%
高田(奈良県)
34%
高田(新潟県)
33%
竹田(京都府)
33%
植田(名古屋市交)
27%
吉田(新潟府)
27%
牛田(愛知県)
26%
矢田(愛知県)
25%
富田(大阪府)
23%
竹田(兵庫県)
22%
富田(三重県)
19%
北山田(大分県)
12%
中田(神奈川県)
11%
中田(徳島県)
10%
額田(茨城県)
9%
仁井田(高知県)
6%
浦田(岡山県)
5%
高田(長崎県)
4%
No matching quizzes found
Score Distribution
Percent of People with Each Score
Percentile by Number Answered
Your Score History
You have not taken this quiz